000 00414nam a2200157Ia 4500
008 231221s9999 xx 000 0 und d
020 _a8176561398
041 _aEnglish
082 _a001.6424BAS KOO;1 R
100 _aKoop, Ed. Prince, Anne. Murach, Joel.
245 0 _aMurach's visual basic 6
260 _c1999
_bBPB
_aNew Delhi
300 _axvi, 617
650 _aMurach's,visual,basic,6
942 _cBC
999 _c212955
_d212955